00837nam a22000977a 4500040000800000082002700008100004400035245061300079260002600692300002100718 cRUA aLMA YEN 2024 B701 Or.1 aYEN STHAY, យ៉ែន ស៊ីថា aStudy On The Public Posting Of Judicial Documents In The Systematic Land Registration In Koy Meng Commune, Mongkul Borei District, Banteay Meanchey Province, សិក្សាអំពីនីតិវិធីនៃការបិទផ្សាយជាសាធារណៈនូវ ឯកសារនៃការវិនិច្ឆ័យក្នុងការចុះបញ្ចីដីធ្លីមានលក្ខណៈជាប្រព័ន្ធស្ថិតនៅឃុំគយម៉ែង ស្រុកមង្គលបូរ ខេត្តបន្ទាយមានជ័យ aPHNOM PENHbRUAc2024 axi,bill,c29cm,